| 000 | 005130000a22001810004500 | ||
|---|---|---|---|
| 003 | MACL | ||
| 005 | 20160212155339.0 | ||
| 008 | 160212b xxu||||| |||| 00| 0 eng d | ||
| 040 |
_aMACL _cMACL |
||
| 041 | _aHindi | ||
| 082 | _a320 | ||
| 100 |
_aविश्वनाथ प्रसाद _938019 |
||
| 245 | _aआर्यौ का आदि देश | ||
| 260 |
_bनीडर प्रेस _aइलाहाबाद |
||
| 350 | _a3 | ||
| 650 |
_aPolotical Science _91991 |
||
| 942 |
_cHIN _k320 _2ddc |
||
| 999 |
_c23331 _d23331 |
||